000 00463cam a2200181ua 4500
020 _a0 07 100210 3
041 _aeng
_h
082 _a005.43
_bMOR/IN
100 _aMorgan, Rachel .
245 _aIntroducing UNIX system V /
_cRachel Morgan.
_hTextual Documents
250 _a1 /
_b.
260 _aNew York :
_bMcGraw Hill Book Company ,
_c1987.
300 _a611 ; .
504 _a
700 1 _aMcgilton, Henry .
942 _cBK
999 _c10058
_d10058